LEADER 01805nam0 2200421 i 450 001 RAV0192279 005 20231121125637.0 010 $a8842040223 020 $aIT$b92-9241 100 $a19920616d1992 ||||0itac50 ba 101 | $aita 102 $ait 181 1$6z01$ai $bxxxe 182 1$6z01$an 200 1 $a'Ndrangheta dall'Unità a oggi$fEnzo Ciconte$gprefazione di Nicola Tranfaglia 210 $aRoma [etc.!$cLaterza$d1992 215 $aXVI, 415 p.$d22 cm 225 | $aStoria e società 410 0$1001CFI0000036$12001 $aStoria e società 606 $a'Ndrangheta$2FIR$3RMLC010204$9I 606 $aDelinquenza$xCalabria$xSec. 19.-20.$2FIR$3RMLC010205$9I 676 $a364.106$9$v20 676 $a364.1064578$9$v21 700 1$aCiconte$b, Enzo$3RAVV075832$4070$0139531 702 1$aTranfaglia$b, Nicola$3CFIV016558 801 3$aIT$bIT-01$c19920616 850 $aIT-RM028 $aIT-RM0264 $aIT-RM1248 $aIT-FR0084 $aIT-RM0460 $aIT-FR0017 899 $aBiblioteca Universitaria Alessandrina$bRM028 899 $aBiblioteca militare centrale dello Stato maggiore dell'esercito$bRM0264 899 $aBiblioteca Della Fondazione Pietro Nenni$bRM1248 899 $aBiblioteca Del Monumento Nazionale Di Montecassino$bFR0084 899 $aBiblioteca Dell' Archivio Centrale Dello Stato$bRM0460 899 $aBiblioteca umanistica Giorgio Aprea$bFR0017 912 $aRAV0192279 950 0$aBiblioteca umanistica Giorgio Aprea$d 52DES 364 Cic.Ndr.$e 52BUN0000369835 VMB RS $fA $h20130306$i20130306 977 $a 01$a 16$a 23$a 25$a 27$a 52 996 $aNdrangheta dall'Unità a oggi$963369 997 $aUNICAS LEADER 01340nam0 22003011i 450 001 UON00025865 005 20231205102039.516 100 $a20020107d1957 |0itac50 ba 101 $aeng 102 $aGB 105 $a|||| 1|||| 200 1 $aPersia in A.D. 1478-1490$ean abridge translation of Fadlullah b. Ruzbihan Khunji's Tarikh-i 'Alam-ara-yi Amini$fV. Minorsky 210 $aLondon$cRoyal Asiatic Society ; Luzac and Co.$d1957 215 $avii, 136 p.$d21 cm 410 1$1001UON00031203$12001 $aRoyal Asiatic Society Monographs$v26 423 1$1001UON00354469$12001 $aTarikh-i 'alam-ara-yi Amini$fFadlullah b. Ruzbihan Khunji's 606 $aPERSIA$xStoria$3UONC026415$2FI 620 $aGB$dLondon$3UONL003044 686 $aIRA IV AA$cIRAN - STORIA - FONTI - PERIODO ANTICO E MEDIEVALE (FINO AL 1501 d.C.)$2A 700 1$aMINORSKY$bVladimir F.$3UONV010892$0161883 712 $aLuzac & Co.$3UONV247058$4650 712 $aRoyal Asiatic Society$3UONV248069$4650 801 $aIT$bSOL$c20240220$gRICA 899 $aSIBA - SISTEMA BIBLIOTECARIO DI ATENEO$2UONSI 912 $aUON00025865 950 $aSIBA - SISTEMA BIBLIOTECARIO DI ATENEO$dSI IRA IV AA 030 $eSI MR 70116 5 030 996 $aPersia in A.D. 1478-1490$91849153 997 $aUNIOR